000 00763nam a2200205Ii 4500
003 JO-AjNU
008 230605s9999||||xx |||||||||||||| ||und||
020 _a9953-428-06-9
040 _aJO-AjNU
_bara
_erda
_cJO-AjNU
041 _aara
050 1 4 _aBP80.A5.R526 2006
100 3 _aرضا، محمد ؛ مراجعة: أحمد عوض أبو الشباب,
_eauthor
_956531
245 0 0 _aالإمام علي بن أبي طالب رابع الخلفاء الراشدين
264 3 1 _aبيروت: المكتبة العصرية، 2006
300 _a239ص
336 _atext
_btxt
_2rdacontent
337 _aunmediated
_bn
_2rdamedia
338 _avolume
_bnc
_2rdacarrier
650 4 _aالخلفاء الراشدون-تراجم- علي بن ابي طالب
_956532
999 _aA25278
_c28846
_d28846